[Event "PK Jeugd 2020 B"]
[Site "Eindhoven, Netherlands"]
[Date "????.??.??"]
[Round "3.3"]
[White "Slagboom, Leandro"]
[Black "Labruyere, Roger"]
[Result "1/2-1/2"]
[WhiteElo "1970"]
[BlackElo "2069"]

1. Nf3 {[%clk 00:55:18]} {[%emt 00:00:02]} d5 {[%clk 00:55:16]} {[%emt
00:00:04]} 2. d4 {[%clk 00:55:06]} {[%emt 00:00:22]} e6 {[%clk 00:55:17]}
{[%emt 00:00:09]} 3. g3 {[%clk 00:54:31]} {[%emt 00:00:45]} Nf6 {[%clk
00:55:15]} {[%emt 00:00:12]} 4. c4 {[%clk 00:54:29]} {[%emt 00:00:13]} Be7
{[%clk 00:54:52]} {[%emt 00:00:32]} 5. Bg2 {[%clk 00:54:30]} {[%emt 00:00:08]}
O-O {[%clk 00:54:57]} {[%emt 00:00:05]} 6. O-O {[%clk 00:54:34]} {[%emt
00:00:07]} dxc4 {[%clk 00:55:04]} {[%emt 00:00:03]} 7. Qc2 {[%clk 00:54:36]}
{[%emt 00:00:07]} a6 {[%clk 00:55:10]} {[%emt 00:00:03]} 8. a4 {[%clk
00:54:40]} {[%emt 00:00:07]} Bd7 {[%clk 00:54:35]} {[%emt 00:00:45]} 9. Qxc4
{[%clk 00:54:35]} {[%emt 00:00:15]} Bc6 {[%clk 00:54:41]} {[%emt 00:00:04]} 10.
Bf4 {[%clk 00:54:36]} {[%emt 00:00:10]} Nbd7 {[%clk 00:53:08]} {[%emt
00:01:44]} 11. Nc3 {[%clk 00:54:35]} {[%emt 00:00:10]} Nb6 {[%clk 00:53:04]}
{[%emt 00:00:14]} 12. Qd3 {[%clk 00:52:03]} {[%emt 00:02:42]} Nfd5 {[%clk
00:51:44]} {[%emt 00:01:31]} 13. Bd2 {[%clk 00:46:06]} {[%emt 00:06:07]} Nb4
{[%clk 00:49:27]} {[%emt 00:02:26]} 14. Qb1 {[%clk 00:43:22]} {[%emt 00:02:55]}
Nc4 {[%clk 00:48:13]} {[%emt 00:01:23]} 15. Rd1 {[%clk 00:40:07]} {[%emt
00:03:25]} Nxd2 {[%clk 00:30:36]} {[%emt 00:17:48]} 16. Rxd2 {[%clk 00:40:06]}
{[%emt 00:00:11]} Bf6 {[%clk 00:22:18]} {[%emt 00:08:28]} 17. e3 {[%clk
00:34:51]} {[%emt 00:05:24]} Qd7 {[%clk 00:21:08]} {[%emt 00:01:21]} 18. Ne4
{[%clk 00:32:15]} {[%emt 00:02:47]} Bxe4 {[%clk 00:17:06]} {[%emt 00:04:12]} 19.
Qxe4 {[%clk 00:32:22]} {[%emt 00:00:02]} Qd5 {[%clk 00:13:42]} {[%emt
00:03:33]} 20. Qf4 {[%clk 00:29:38]} {[%emt 00:02:54]} Qc4 {[%clk 00:11:02]}
{[%emt 00:02:50]} 21. Ne1 {[%clk 00:26:12]} {[%emt 00:03:36]} c6 {[%clk
00:09:20]} {[%emt 00:01:52]} 22. Be4 {[%clk 00:23:05]} {[%emt 00:03:17]} Nd5
{[%clk 00:08:24]} {[%emt 00:01:06]} 23. Qf3 {[%clk 00:22:10]} {[%emt 00:01:05]}
Be7 {[%clk 00:05:28]} {[%emt 00:03:06]} 24. Rc2 {[%clk 00:18:19]} {[%emt
00:04:01]} Qb3 {[%clk 00:04:06]} {[%emt 00:01:32]} 25. Qe2 {[%clk 00:16:54]}
{[%emt 00:01:35]} Qb6 {[%clk 00:02:48]} {[%emt 00:01:28]} 26. a5 {[%clk
00:14:55]} {[%emt 00:02:10]} Qd8 {[%clk 00:02:32]} {[%emt 00:00:25]} 27. Rc4
{[%clk 00:14:04]} {[%emt 00:01:01]} Qd7 {[%clk 00:01:41]} {[%emt 00:01:01]} 28.
Nd3 {[%clk 00:13:37]} {[%emt 00:00:37]} Bd6 {[%clk 00:01:39]} {[%emt 00:00:12]}
29. Bg2 {[%clk 00:10:40]} {[%emt 00:03:07]} Nc7 {[%clk 00:00:40]} {[%emt
00:01:09]} 30. Rd1 {[%clk 00:09:07]} {[%emt 00:01:43]} Nb5 {[%clk 00:00:29]}
{[%emt 00:00:22]} 31. b4 {[%clk 00:07:58]} {[%emt 00:01:19]} Qe7 {[%clk
00:00:24]} {[%emt 00:00:15]} 32. Qb2 {[%clk 00:07:20]} {[%emt 00:00:48]} Rfd8
{[%clk 00:00:26]} {[%emt 00:00:08]} 33. e4 {[%clk 00:06:40]} {[%emt 00:00:50]}
Qc7 {[%clk 00:00:26]} {[%emt 00:00:11]} 34. e5 {[%clk 00:04:41]} {[%emt
00:02:09]} Bf8 {[%clk 00:00:25]} {[%emt 00:00:11]} 35. Nf4 {[%clk 00:04:17]}
{[%emt 00:00:35]} Qe7 {[%clk 00:00:16]} {[%emt 00:00:19]} 36. Be4 {[%clk
00:04:00]} {[%emt 00:00:26]} g6 {[%clk 00:00:24]} {[%emt 00:00:03]} 37. h4
{[%clk 00:03:34]} {[%emt 00:00:36]} Nc7 {[%clk 00:00:32]} {[%emt 00:00:03]} 38.
Nd3 {[%clk 00:03:07]} {[%emt 00:00:36]} Nd5 {[%clk 00:00:26]} {[%emt 00:00:15]}
39. Nc5 {[%clk 00:02:59]} {[%emt 00:00:19]} Qc7 {[%clk 00:00:31]} {[%emt
00:00:05]} 40. Nd3 {[%clk 00:02:24]} {[%emt 00:00:45]} Qe7 {[%clk 00:00:32]}
{[%emt 00:00:10]} 41. Nc5 {[%emt 00:01:30]} 1/2-1/2

[Event "PK Jeugd 2020 B"]
[Site "Eindhoven, Netherlands"]
[Date "????.??.??"]
[Round "3.4"]
[White "Cchung, Nyuk Lyn"]
[Black "Verheul, Job"]
[Result "0-1"]
[WhiteElo "2001"]
[BlackElo "1677"]

1. e4 {[%clk 00:55:19]} c6 {[%clk 00:55:16]} {[%emt 00:00:04]} 2. d4 {[%clk
00:55:24]} {[%emt 00:00:04]} d5 {[%clk 00:55:21]} {[%emt 00:00:05]} 3. Nc3
{[%clk 00:55:29]} {[%emt 00:00:04]} dxe4 {[%clk 00:55:18]} {[%emt 00:00:14]} 4.
Nxe4 {[%clk 00:55:38]} {[%emt 00:00:02]} Nd7 {[%clk 00:55:15]} {[%emt
00:00:14]} 5. Bc4 {[%clk 00:55:36]} {[%emt 00:00:11]} Ngf6 {[%clk 00:54:58]}
{[%emt 00:00:27]} 6. Ng5 {[%clk 00:55:17]} {[%emt 00:00:30]} e6 {[%clk
00:54:59]} {[%emt 00:00:09]} 7. Qe2 {[%clk 00:55:20]} {[%emt 00:00:06]} Nb6
{[%clk 00:54:42]} {[%emt 00:00:27]} 8. Bb3 {[%clk 00:55:24]} {[%emt 00:00:07]}
h6 {[%clk 00:54:20]} {[%emt 00:00:32]} 9. N5f3 {[%clk 00:55:27]} {[%emt
00:00:07]} c5 {[%clk 00:53:03]} {[%emt 00:01:28]} 10. Be3 {[%clk 00:54:43]}
{[%emt 00:00:53]} Qc7 {[%clk 00:42:46]} {[%emt 00:10:27]} 11. dxc5 {[%clk
00:54:00]} {[%emt 00:00:54]} Bxc5 {[%clk 00:42:11]} {[%emt 00:00:44]} 12. Qb5+
{[%clk 00:51:29]} {[%emt 00:02:41]} Nbd7 {[%clk 00:41:38]} {[%emt 00:00:42]} 13.
O-O-O {[%clk 00:48:23]} {[%emt 00:03:17]} Bxe3+ {[%clk 00:38:51]} {[%emt
00:02:58]} 14. fxe3 {[%clk 00:48:31]} {[%emt 00:00:01]} O-O {[%clk 00:36:35]}
{[%emt 00:02:25]} 15. Ne2 {[%clk 00:48:01]} {[%emt 00:00:40]} Qc5 {[%clk
00:30:44]} {[%emt 00:06:02]} 16. Ned4 {[%clk 00:45:01]} {[%emt 00:03:11]} a6
{[%clk 00:26:52]} {[%emt 00:04:02]} 17. Qe2 {[%clk 00:42:52]} {[%emt 00:02:18]}
Ne5 {[%clk 00:24:46]} {[%emt 00:02:15]} 18. Nxe5 {[%clk 00:41:02]} {[%emt
00:02:01]} Qxe5 {[%clk 00:23:33]} {[%emt 00:01:24]} 19. g4 {[%clk 00:36:37]}
{[%emt 00:04:34]} b5 {[%clk 00:21:35]} {[%emt 00:02:08]} 20. h4 {[%clk
00:33:52]} {[%emt 00:02:54]} Bb7 {[%clk 00:20:30]} {[%emt 00:01:16]} 21. Rhg1
{[%clk 00:33:58]} {[%emt 00:00:04]} Nd5 {[%clk 00:19:05]} {[%emt 00:01:35]} 22.
e4 {[%clk 00:30:30]} {[%emt 00:03:38]} Nf4 {[%clk 00:15:33]} {[%emt 00:03:41]}
23. Qh2 {[%clk 00:26:05]} {[%emt 00:04:35]} Nd3+ {[%clk 00:14:49]} {[%emt
00:00:55]} 0-1

[Event "PK Jeugd 2020 B"]
[Site "Eindhoven, Netherlands"]
[Date "????.??.??"]
[Round "3.5"]
[White "Basa, Manasvita"]
[Black "Molanus, Florian"]
[Result "1-0"]
[WhiteElo "1728"]
[BlackElo "1468"]

1. e4 {[%clk 00:55:18]} {[%emt 00:00:01]} c5 {[%clk 00:55:16]} {[%emt
00:00:05]} 2. d4 {[%clk 00:55:21]} {[%emt 00:00:07]} cxd4 {[%clk 00:55:19]}
{[%emt 00:00:07]} 3. c3 {[%clk 00:55:25]} {[%emt 00:00:06]} dxc3 {[%clk
00:54:10]} {[%emt 00:01:19]} 4. Nxc3 {[%clk 00:55:28]} {[%emt 00:00:07]} e5
{[%clk 00:53:15]} {[%emt 00:01:05]} 5. Bc4 {[%clk 00:54:53]} {[%emt 00:00:45]}
Bb4 {[%clk 00:53:07]} {[%emt 00:00:18]} 6. Nf3 {[%clk 00:52:17]} {[%emt
00:02:46]} d6 {[%clk 00:51:52]} {[%emt 00:01:24]} 7. O-O {[%clk 00:47:27]}
{[%emt 00:04:59]} Nf6 {[%clk 00:50:55]} {[%emt 00:01:08]} 8. Bg5 {[%clk
00:45:30]} {[%emt 00:02:07]} Bg4 {[%clk 00:46:46]} {[%emt 00:04:19]} 9. Nd5
{[%clk 00:44:52]} {[%emt 00:00:48]} Bc5 {[%clk 00:44:11]} {[%emt 00:02:45]} 10.
Qb3 {[%clk 00:42:40]} {[%emt 00:02:23]} b6 {[%clk 00:40:04]} {[%emt 00:04:17]}
11. Nxf6+ {[%clk 00:42:06]} {[%emt 00:00:44]} gxf6 {[%clk 00:39:58]} {[%emt
00:00:15]} 12. Bxf7+ {[%clk 00:42:13]} {[%emt 00:00:03]} Ke7 {[%clk 00:38:30]}
{[%emt 00:01:38]} 13. Bd5 {[%clk 00:39:36]} {[%emt 00:02:46]} 1-0

[Event "PK Jeugd 2020 B"]
[Site "Eindhoven, Netherlands"]
[Date "????.??.??"]
[Round "3.6"]
[White "Hooijmans, Max"]
[Black "Kumar, Prajit Sai"]
[Result "0-1"]
[WhiteElo "1535"]
[BlackElo "1627"]

1. e4 {[%clk 00:55:17]} {[%emt 00:00:02]} c5 {[%clk 00:55:19]} {[%emt
00:00:01]} 2. Nf3 {[%clk 00:55:20]} {[%emt 00:00:06]} d6 {[%clk 00:55:25]}
{[%emt 00:00:04]} 3. Nc3 {[%clk 00:55:17]} {[%emt 00:00:13]} Nf6 {[%clk
00:55:20]} {[%emt 00:00:15]} 4. Bc4 {[%clk 00:54:51]} {[%emt 00:00:37]} Nc6
{[%clk 00:55:16]} {[%emt 00:00:14]} 5. d4 {[%clk 00:54:09]} {[%emt 00:00:52]}
cxd4 {[%clk 00:55:13]} {[%emt 00:00:13]} 6. Nxd4 {[%clk 00:54:13]} {[%emt
00:00:05]} Nxd4 {[%clk 00:53:55]} {[%emt 00:01:27]} 7. Qxd4 {[%clk 00:54:21]}
{[%emt 00:00:04]} e5 {[%clk 00:53:52]} {[%emt 00:00:12]} 8. Qd1 {[%clk
00:53:38]} {[%emt 00:00:52]} Be6 {[%clk 00:52:55]} {[%emt 00:01:07]} 9. Bb5+
{[%clk 00:52:51]} {[%emt 00:00:57]} Bd7 {[%clk 00:52:27]} {[%emt 00:00:38]} 10.
Qe2 {[%clk 00:51:47]} {[%emt 00:01:14]} h6 {[%clk 00:49:45]} {[%emt 00:02:52]}
11. O-O {[%clk 00:51:07]} {[%emt 00:00:50]} Be7 {[%clk 00:49:15]} {[%emt
00:00:40]} 12. Nd5 {[%clk 00:47:19]} {[%emt 00:03:58]} Nxd5 {[%clk 00:48:57]}
{[%emt 00:00:28]} 13. exd5 {[%clk 00:47:24]} {[%emt 00:00:04]} O-O {[%clk
00:48:32]} {[%emt 00:00:35]} 14. Bd3 {[%clk 00:46:39]} {[%emt 00:00:55]} f5
{[%clk 00:48:10]} {[%emt 00:00:32]} 15. c4 {[%clk 00:45:34]} {[%emt 00:01:16]}
Rc8 {[%clk 00:44:59]} {[%emt 00:03:21]} 16. b3 {[%clk 00:45:11]} {[%emt
00:00:33]} Bf6 {[%clk 00:44:22]} {[%emt 00:00:47]} 17. Rb1 {[%clk 00:44:32]}
{[%emt 00:00:50]} e4 {[%clk 00:42:53]} {[%emt 00:01:39]} 18. Bc2 {[%clk
00:44:27]} {[%emt 00:00:15]} Be5 {[%clk 00:41:21]} {[%emt 00:01:42]} 19. Qe3
{[%clk 00:42:29]} {[%emt 00:02:08]} b6 {[%clk 00:38:55]} {[%emt 00:02:36]} 20.
f3 {[%clk 00:41:33]} {[%emt 00:01:06]} Qf6 {[%clk 00:36:45]} {[%emt 00:02:19]}
21. Kh1 {[%clk 00:40:48]} {[%emt 00:00:55]} exf3 {[%clk 00:31:24]} {[%emt
00:05:31]} 22. Qxf3 {[%clk 00:39:41]} {[%emt 00:01:17]} g5 {[%clk 00:28:06]}
{[%emt 00:03:28]} 23. h3 {[%clk 00:38:52]} {[%emt 00:00:59]} Rce8 {[%clk
00:24:30]} {[%emt 00:03:47]} 24. Bd2 {[%clk 00:36:29]} {[%emt 00:02:34]} Re7
{[%clk 00:23:50]} {[%emt 00:00:50]} 25. Qd3 {[%clk 00:35:07]} {[%emt 00:01:31]}
Qg7 {[%clk 00:22:45]} {[%emt 00:01:15]} 26. Rf3 {[%clk 00:34:09]} {[%emt
00:01:07]} f4 {[%clk 00:22:15]} {[%emt 00:00:41]} 27. Re1 {[%clk 00:31:43]}
{[%emt 00:02:36]} Bf5 {[%clk 00:21:13]} {[%emt 00:01:12]} 28. Qxf5 {[%clk
00:31:00]} {[%emt 00:00:54]} Rxf5 {[%clk 00:21:21]} {[%emt 00:00:01]} 29. Bxf5
{[%clk 00:30:59]} {[%emt 00:00:10]} Qf6 {[%clk 00:20:17]} {[%emt 00:01:14]} 30.
Be6+ {[%clk 00:30:18]} {[%emt 00:00:52]} Kg7 {[%clk 00:20:17]} {[%emt
00:00:09]} 31. g3 {[%clk 00:29:52]} {[%emt 00:00:36]} Re8 {[%clk 00:16:35]}
{[%emt 00:03:52]} 32. gxf4 {[%clk 00:29:38]} {[%emt 00:00:24]} Rf8 {[%clk
00:16:04]} {[%emt 00:00:42]} 33. f5 {[%clk 00:29:16]} {[%emt 00:00:32]} Qd8
{[%clk 00:14:12]} {[%emt 00:02:01]} 34. Rg1 {[%clk 00:27:56]} {[%emt 00:01:30]}
Kh7 {[%clk 00:13:34]} {[%emt 00:00:48]} 35. Bc3 {[%clk 00:26:19]} {[%emt
00:01:47]} Bxc3 {[%clk 00:13:04]} {[%emt 00:00:41]} 36. Rxc3 {[%clk 00:26:27]}
{[%emt 00:00:02]} Qf6 {[%clk 00:13:02]} {[%emt 00:00:10]} 37. Rcg3 {[%clk
00:25:49]} {[%emt 00:00:49]} Re8 {[%clk 00:12:27]} {[%emt 00:00:45]} 38. R1g2
{[%clk 00:24:22]} {[%emt 00:01:37]} Re7 {[%clk 00:12:14]} {[%emt 00:00:23]} 39.
h4 {[%clk 00:23:16]} {[%emt 00:01:16]} Rg7 {[%clk 00:10:54]} {[%emt 00:01:29]}
40. Rg1 {[%clk 00:22:15]} {[%emt 00:01:11]} Qb2 {[%clk 00:09:44]} {[%emt
00:01:20]} 41. R3g2 {[%clk 00:22:00]} {[%emt 00:00:25]} Qd4 {[%clk 00:08:49]}
{[%emt 00:01:05]} 42. Rg4 {[%clk 00:20:53]} {[%emt 00:01:18]} Qf2 {[%clk
00:08:26]} {[%emt 00:00:31]} 43. R1g2 {[%clk 00:20:29]} {[%emt 00:00:36]} Qf1+
{[%clk 00:08:11]} {[%emt 00:00:25]} 44. Kh2 {[%clk 00:20:22]} {[%emt 00:00:16]}
Qa1 {[%clk 00:08:03]} {[%emt 00:00:19]} 45. hxg5 {[%clk 00:19:54]} {[%emt
00:00:38]} Rxg5 {[%clk 00:08:00]} {[%emt 00:00:13]} 46. Rxg5 {[%clk 00:19:17]}
{[%emt 00:00:46]} hxg5 {[%clk 00:08:02]} {[%emt 00:00:08]} 47. Rxg5 {[%clk
00:18:30]} {[%emt 00:00:56]} Qxa2+ {[%clk 00:07:59]} {[%emt 00:00:13]} 48. Rg2
{[%clk 00:18:24]} {[%emt 00:00:16]} Qa1 {[%clk 00:07:58]} {[%emt 00:00:11]} 49.
Rg3 {[%clk 00:17:50]} {[%emt 00:00:44]} Kh6 {[%clk 00:07:48]} {[%emt 00:00:21]}
50. Bg8 {[%clk 00:16:31]} {[%emt 00:01:28]} Kh5 {[%clk 00:07:19]} {[%emt
00:00:40]} 51. Bf7+ {[%clk 00:15:40]} {[%emt 00:01:01]} Kh4 {[%clk 00:07:10]}
{[%emt 00:00:19]} 52. Rf3 {[%clk 00:11:43]} {[%emt 00:04:08]} Qb2+ {[%clk
00:06:39]} {[%emt 00:00:40]} 53. Kg1 {[%clk 00:11:16]} {[%emt 00:00:38]} Kg4
{[%clk 00:06:21]} {[%emt 00:00:28]} 54. Rf2 {[%clk 00:10:28]} {[%emt 00:00:58]}
Qd4 {[%clk 00:05:59]} {[%emt 00:00:29]} 55. Kg2 {[%clk 00:09:42]} {[%emt
00:00:59]} Qe4+ {[%clk 00:06:01]} {[%emt 00:00:08]} 56. Kh2 {[%clk 00:08:29]}
{[%emt 00:01:24]} Qe5+ {[%clk 00:05:48]} {[%emt 00:00:24]} 57. Kg1 {[%clk
00:08:08]} {[%emt 00:00:30]} Qe1+ {[%clk 00:05:31]} {[%emt 00:00:26]} 58. Kg2
{[%clk 00:08:01]} {[%emt 00:00:17]} Qe4+ {[%clk 00:05:29]} {[%emt 00:00:10]} 59.
Kh2 {[%clk 00:07:36]} {[%emt 00:00:36]} Qe5+ {[%clk 00:05:05]} {[%emt
00:00:36]} 60. Kh1 {[%clk 00:06:48]} {[%emt 00:00:57]} Kg3 {[%clk 00:04:47]}
{[%emt 00:00:28]} 61. Rg2+ {[%clk 00:04:56]} {[%emt 00:02:02]} Kh3 {[%clk
00:04:54]} {[%emt 00:00:03]} 62. f6 {[%clk 00:04:31]} {[%emt 00:00:35]} Qe1+
{[%clk 00:04:58]} {[%emt 00:00:06]} 63. Rg1 {[%clk 00:04:38]} {[%emt 00:00:03]}
Qe4+ {[%clk 00:05:06]} {[%emt 00:00:01]} 0-1

[Event "PK Jeugd 2020 B"]
[Site "Eindhoven, Netherlands"]
[Date "????.??.??"]
[Round "3.7"]
[White "Dumont, Ties"]
[Black "Bogouslavskii, Veronique"]
[Result "0-1"]
[WhiteElo "1613"]
[BlackElo "1527"]

1. d4 {[%clk 00:55:17]} {[%emt 00:00:02]} Nf6 {[%clk 00:54:30]} {[%emt
00:00:50]} 2. Nf3 {[%clk 00:55:23]} {[%emt 00:00:05]} g6 {[%clk 00:54:22]}
{[%emt 00:00:17]} 3. Bf4 {[%clk 00:55:26]} {[%emt 00:00:07]} d6 {[%clk
00:54:21]} {[%emt 00:00:12]} 4. e3 {[%clk 00:55:16]} {[%emt 00:00:20]} Bg7
{[%clk 00:53:54]} {[%emt 00:00:36]} 5. Bb5+ {[%clk 00:55:08]} {[%emt 00:00:19]}
Nbd7 {[%clk 00:53:53]} {[%emt 00:00:11]} 6. O-O {[%clk 00:55:07]} {[%emt
00:00:11]} O-O {[%clk 00:53:09]} {[%emt 00:00:54]} 7. Bxd7 {[%clk 00:54:26]}
{[%emt 00:00:51]} Nxd7 {[%clk 00:51:40]} {[%emt 00:01:39]} 8. c4 {[%clk
00:53:22]} {[%emt 00:01:14]} c5 {[%clk 00:51:11]} {[%emt 00:00:39]} 9. Nc3
{[%clk 00:53:05]} {[%emt 00:00:26]} b6 {[%clk 00:50:55]} {[%emt 00:00:26]} 10.
Re1 {[%clk 00:52:15]} {[%emt 00:01:00]} Bb7 {[%clk 00:50:41]} {[%emt 00:00:24]}
11. Qd2 {[%clk 00:51:15]} {[%emt 00:01:10]} Rc8 {[%clk 00:48:00]} {[%emt
00:02:52]} 12. d5 {[%clk 00:51:03]} {[%emt 00:00:21]} a6 {[%clk 00:47:34]}
{[%emt 00:00:36]} 13. e4 {[%clk 00:50:18]} {[%emt 00:00:55]} Bh8 {[%clk
00:45:57]} {[%emt 00:01:47]} 14. Bh6 {[%clk 00:44:59]} {[%emt 00:05:30]} Re8
{[%clk 00:46:00]} {[%emt 00:00:07]} 15. Re3 {[%clk 00:37:07]} {[%emt 00:08:02]}
Ne5 {[%clk 00:40:31]} {[%emt 00:05:37]} 16. Nxe5 {[%clk 00:36:19]} {[%emt
00:01:00]} Bxe5 {[%clk 00:40:38]} {[%emt 00:00:03]} 17. Rh3 {[%clk 00:36:15]}
{[%emt 00:00:14]} Rb8 {[%clk 00:39:42]} {[%emt 00:01:06]} 18. Ne2 {[%clk
00:33:19]} {[%emt 00:03:06]} Bc8 {[%clk 00:38:55]} {[%emt 00:00:58]} 19. Rh4
{[%clk 00:31:06]} {[%emt 00:02:22]} b5 {[%clk 00:38:05]} {[%emt 00:01:01]} 20.
cxb5 {[%clk 00:29:11]} {[%emt 00:02:04]} Rxb5 {[%clk 00:38:02]} {[%emt
00:00:13]} 21. Nc3 {[%clk 00:28:51]} {[%emt 00:00:30]} Rb8 {[%clk 00:36:18]}
{[%emt 00:01:53]} 22. Bf4 {[%clk 00:28:39]} {[%emt 00:00:22]} Bg7 {[%clk
00:35:19]} {[%emt 00:01:08]} 23. Re1 {[%clk 00:25:08]} {[%emt 00:03:41]} e5
{[%clk 00:32:37]} {[%emt 00:02:52]} 24. Bg5 {[%clk 00:24:58]} {[%emt 00:00:21]}
f6 {[%clk 00:32:28]} {[%emt 00:00:19]} 25. Bh6 {[%clk 00:25:02]} {[%emt
00:00:06]} g5 {[%clk 00:31:05]} {[%emt 00:01:33]} 26. Bxg7 {[%clk 00:23:16]}
{[%emt 00:01:56]} Kxg7 {[%clk 00:30:50]} {[%emt 00:00:25]} 27. Rh3 {[%clk
00:20:05]} {[%emt 00:03:21]} Bxh3 {[%clk 00:30:53]} {[%emt 00:00:07]} 28. gxh3
{[%clk 00:20:13]} {[%emt 00:00:02]} Re7 {[%clk 00:30:07]} {[%emt 00:00:56]} 29.
Re3 {[%clk 00:19:35]} {[%emt 00:00:48]} Reb7 {[%clk 00:29:17]} {[%emt
00:01:00]} 30. b3 {[%clk 00:19:37]} {[%emt 00:00:08]} Qc8 {[%clk 00:28:42]}
{[%emt 00:00:44]} 31. Rg3 {[%clk 00:17:27]} {[%emt 00:02:21]} c4 {[%clk
00:28:34]} {[%emt 00:00:18]} 32. h4 {[%clk 00:16:54]} {[%emt 00:00:43]} h6
{[%clk 00:28:15]} {[%emt 00:00:28]} 33. hxg5 {[%clk 00:16:54]} {[%emt
00:00:11]} fxg5 {[%clk 00:27:13]} {[%emt 00:01:11]} 34. h4 {[%clk 00:16:56]}
{[%emt 00:00:08]} g4 {[%clk 00:22:35]} {[%emt 00:04:48]} 35. Qe2 {[%clk
00:14:44]} {[%emt 00:02:23]} cxb3 {[%clk 00:21:01]} {[%emt 00:01:44]} 36. Rxg4+
{[%clk 00:14:07]} {[%emt 00:00:46]} Kh7 {[%clk 00:20:44]} {[%emt 00:00:24]} 37.
axb3 {[%clk 00:06:49]} {[%emt 00:07:32]} Qxg4+ {[%clk 00:20:38]} {[%emt
00:00:16]} 38. Qxg4 {[%clk 00:06:41]} {[%emt 00:00:18]} Rg7 {[%clk 00:20:47]}
{[%emt 00:00:01]} 39. Qxg7+ {[%clk 00:05:20]} {[%emt 00:01:31]} Kxg7 {[%clk
00:20:56]} 40. Ne2 {[%clk 00:05:01]} {[%emt 00:00:29]} Rxb3 {[%clk 00:21:05]}
{[%emt 00:00:01]} 41. Ng3 {[%emt 00:00:52]} Rb6 {[%clk 00:20:23]} 42. Nf5+
{[%clk 00:04:57]} {[%emt 00:00:24]} Kg6 {[%clk 00:20:21]} {[%emt 00:00:10]} 43.
Ne7+ {[%clk 00:04:21]} {[%emt 00:00:47]} Kh7 {[%clk 00:19:57]} {[%emt
00:00:32]} 44. Nc8 {[%clk 00:04:30]} {[%emt 00:00:05]} Rb1+ {[%clk 00:19:22]}
{[%emt 00:00:38]} 45. Kg2 {[%clk 00:04:35]} {[%emt 00:00:11]} a5 {[%clk
00:19:17]} {[%emt 00:00:15]} 46. Nxd6 {[%clk 00:04:39]} {[%emt 00:00:05]} a4
{[%clk 00:18:46]} {[%emt 00:00:42]} 47. Nc4 {[%clk 00:04:30]} {[%emt 00:00:19]}
Rb4 {[%clk 00:18:47]} {[%emt 00:00:06]} 48. Nxe5 {[%clk 00:02:15]} {[%emt
00:02:28]} Rxe4 {[%clk 00:18:50]} {[%emt 00:00:07]} 49. Nf3 {[%clk 00:00:47]}
{[%emt 00:01:38]} a3 {[%clk 00:18:45]} {[%emt 00:00:14]} 50. d6 {[%clk
00:00:24]} {[%emt 00:00:34]} Re6 {[%clk 00:18:19]} {[%emt 00:00:27]} 51. Nd2
{[%clk 00:00:14]} {[%emt 00:00:29]} Rxd6 {[%clk 00:18:22]} {[%emt 00:00:07]} 52.
Nb3 {[%clk 00:00:22]} {[%emt 00:00:01]} Ra6 {[%clk 00:18:18]} {[%emt 00:00:12]}
53. Kf3 {[%clk 00:00:27]} {[%emt 00:00:08]} a2 {[%clk 00:18:26]} {[%emt
00:00:01]} 54. Na1 {[%clk 00:00:36]} {[%emt 00:00:01]} Rb6 {[%clk 00:18:20]}
{[%emt 00:00:14]} 55. Ke4 {[%clk 00:00:14]} {[%emt 00:00:36]} Rb1 {[%clk
00:18:21]} {[%emt 00:00:07]} 56. Nc2 {[%clk 00:00:22]} {[%emt 00:00:03]} a1=Q
{[%clk 00:18:23]} {[%emt 00:00:08]} 57. Nxa1 {[%clk 00:00:32]} Rxa1 {[%clk
00:18:23]} {[%emt 00:00:10]} 58. f4 {[%clk 00:00:33]} {[%emt 00:00:10]} Kg6
{[%clk 00:18:22]} {[%emt 00:00:09]} 59. Ke5 {[%clk 00:00:37]} {[%emt 00:00:07]}
Re1+ {[%clk 00:18:20]} {[%emt 00:00:11]} 0-1